Énigme l'attaque des gitans - Statistiques

Statistiques générales
  • Ce quiz a été pris 71 fois
  • Le résultat moyen est 7 sur 26
Statistiques - réponses
Lettres Indices Réponse % Correct
I forme un trio avec N et T Eren Jaëger
85%
A forme un trio avec C et S Jean Kirstein
64%
O s'est congelée suite à sa défaite contre I Annie Leonhart
51%
K est de la même famille que N Livaï Ackerman
49%
Z forme un trio avec B et O Reiner Braun
43%
C est originaire du mur Rose comme A Conny Springer
42%
L a été mangé par R Ymir
42%
Y est le frère de I Sieg Jaëger
40%
P est amie avec L Historia Reiss
32%
N a des sentiments pour I Mikasa Ackerman
30%
H a mangé R Falco Gleis
23%
Q est amie avec H Gaby Braun
23%
S a été tuée par Q Sasha Braus
23%
B a des sentiments pour O Bertolt Hoover
19%
U forme un trio avec V et K Erwin Smith
19%
V a prit le poste de U Hange Zoe
19%
T a mangé B Armin Arlert
17%
M sa mort a eu un impact sur I Carla Jaëger
15%
W possède un titan créé par D Peack Finger
13%
D a une histoire similaire avec N Ymir Fritz
13%
J a eu très peur face à E Hannes
9%
X a été mangé par I Lara Teyber
9%
R est ami avec W Porco Galliard
9%
F est le père de P Rhodes Reiss
9%
E a mangé J et M Dinah Fritz
8%
G est le frère de H Kord Gleis
8%
Aucun quiz correspondant
Distribution des résultats
% des personnes avec chaque résultat
Percentile par nombre de réponses
Votre historique - résultats
Vous n’avez pas pris ce quiz